000 00470nam a22001697a 4500
003 OSt
008 260502b |||||||| |||| 00| 0 eng d
082 _a633.15
_bM27S
100 _aMahto, Deo Nandan
245 _aTo Study the Effect of Different Levels of Tillage on Growth and Yield of Maize (Lea mays L.) in Chotanagpur Plateau
260 _aPusa
_bRAU
_c1979
300 _a65P.
502 _bMsc.
_d1979
650 _aAgronomy
650 _aMsc.
942 _2ddc
_cT
999 _c50368
_d50368